| 000 | 00376nam a22001337a 4500 | ||
|---|---|---|---|
| 020 | _a9780071226202 | ||
| 040 | _cNUST | ||
| 082 | _a621.31042 CHA | ||
| 100 | _aChapman, Stephen J. | ||
| 245 | _aElectric Machinery and Power System Fundamentals | ||
| 260 |
_aBoston: _bMcGraw-Hill, _c2002. |
||
| 650 |
_aElectric Machinery. Electric Power System _9112181 |
||
| 942 |
_2ddc _cBK |
||
| 999 |
_c594636 _d594636 |
||